000 00456nam a2200145Ia 4500
008 230917s9999||||xx |||||||||||||| ||und||
040 _e201124
_aMAIN
041 _aEnglish
082 _a891.431721 SR19:KK
100 _aकृष्ण कुमार
245 0 _aरधुवीर सहाय संचयिता
260 _aनई दिल्ली
_bराजकमल प्रकाशन
_c2003
300 _a272 पृ. p.
942 _cHN
999 _c169920
_d169920